00461nam a22001577a 450000500170000000800410001702000220005805000220008010000230010224500380012526000420016330000200020550000200022565000150024570000430026020260428120241.0260428b |||||||| |||| 00| 0 eng d a978-1-285-16287-4 aQA 76.5 .V47 2014 aVERMAAT, MISTY E. aDISCOVERING COMPUTERS ESSENTIALS. aAUSTRALIA,bCENGAGE LEARNING.,c2014. aXXI, 246 P, ILL aINCLUDES INDEX. aCOMPUTERS. aSEBOK, SUSAN L. 2. FREUND, STEVEN M.